| 000 | 00730nam a22001937a 4500 | ||
|---|---|---|---|
| 005 | 20230522015035.0 | ||
| 008 | 221123b |||||||| |||| 00| 0 eng d | ||
| 020 | _a978-971-98-0873-2 | ||
| 082 | _aFil. 651.75 B277 2018 | ||
| 100 |
_aBarrot, Jessie S. _eauthor |
||
| 245 |
_aBusiness correspondence with style: _ba guide to effective business English and correspondence for college students and professionals / _cJessie S. Barrot |
||
| 260 |
_aQuezon City: _bC & E Publishing, _cc2018. |
||
| 300 |
_aviii, 321p.; _bill. |
||
| 504 | _aIncludes bibliographies and index | ||
| 541 | _e5717 c.1, 6526 c.2, 6527 c.3 | ||
| 650 | _aBusiness letters | ||
| 650 | _aBusiness communication | ||
| 650 | _aEnglish language - Business English | ||
| 999 |
_c249 _d249 |
||